Father Stretch My Hands pt.1 - Kanye West (Lyrics) (FSMH) - Statistics

General Stats
  • This quiz has been taken 324 times
  • The average score is 183 of 262
Answer Stats
Answer % Correct
(Chorus) I
96%
I-
96%
(I
96%
you,
96%
you)
96%
you
96%
You
96%
me
92%
the
91%
be
90%
mornin'
90%
mornin',
90%
met
89%
on
89%
your
87%
(Pre chorus) | (Pre-chorus) Beautiful
86%
(Producer tag) (If
86%
If
86%
if
86%
my
86%
my-
86%
don't
84%
I'm
84%
Metro
84%
when
83%
in
81%
just
80%
feel
79%
Nothin'
79%
nothin'
79%
sun
78%
(Intro) You're
78%
you're
78%
gon'
77%
her
77%
an
76%
wanna
76%
Young
76%
a***ole
75%
bleach
75%
trust
74%
get
73%
babe
72%
she
72%
She
72%
T-shirt
72%
shoot
71%
model
70%
power
70%
(power)
70%
like
69%
this
69%
And
68%
only
68%
f*ck
67%
liberated
61%
bleached
58%
talk
57%
ever
56%
sorry
56%
it
55%
was
55%
about
54%
who
54%
say
52%
skin
52%
under
52%
down
51%
Unwanted
51%
unwanted
51%
let
50%
na-
50%
na
50%
We
50%
we
50%
even
47%
I'ma
47%
somethin'
47%
can
45%
am
44%
that
42%
want
42%
up
41%
high
40%
Tell
40%
Tribeca
40%
(Verse) Now,
39%
wake
39%
Father
38%
instigated,
38%
instigated
38%
She'll
38%
know
36%
what
36%
Everybody
35%
with
34%
Oh,
33%
oh,
33%
where
33%
from
32%
they
32%
Remind
31%
worried
31%
owe
29%
lookin'
28%
relate
28%
here
27%
here
27%
said
27%
I'd
24%
could
15%
No matching quizzes found
Score Distribution
Percent of People with Each Score
Percentile by Number Answered
Your Score History
You have not taken this quiz